Представление документа в формате MARC21

Поле Инд. ПП Название Значение
Тип записи a
Библиографический уровень b
001 Контрольный номер RU/IS/BASE/307116955
005 Дата корректировки 20220715140353.3
008 Кодируемые данные 20090924
040 b Код языка каталог. rus
e Правила каталог. PSBO
041 0_ a Код языка текста rus
084 a Индекс другой классификации/Индекс ББК 83.3(2=411.2)4; 63.3(2)411-33
100 1_ a Автор Кабанова М. Н.
245 10 a Заглавие Восприятие правителя в Повести временных лет и "Степенной книге царского родословия"
504 a Библиография Библиогр. ссылки. - Примеч.
520 0_ a Аннотация В этих двух текстах проводится сопоставительный анализ образа Владимира Святого
600 14 a Персоналии Владимир I Святославич
650 14 a Основная рубрика история
a Основная рубрика история литературы
a Основная рубрика литературоведение
a Основная рубрика филологические науки
653 1_ a Ключевые слова "Повесть временных лет"
a Ключевые слова "Степенная книга царского родословия"
a Ключевые слова древнерусская литература
a Ключевые слова древнерусские летописи
a Ключевые слова Древняя Русь
a Ключевые слова Киевская Русь
a Ключевые слова князья
a Ключевые слова Московская Русь
a Ключевые слова Россия
a Ключевые слова средние века
773 08 t Заглавие источника Вестник Московского университета. Серия 9, Филология
d Дата издания источника 2009
g Прочая информация № 1. - С. 107 - 113
w Контрольный № источника RU/IS/BASE/299591630
901 t Тип документа b